000 00626nam a2200277Ia 4500
005 20260324144106.0
008 008 260324s9999 xx 000 0 eng d
020 _a9780203743669
037 _aEBOOK
040 _aCRL
040 _beng
040 _cCRL
041 _2eng
041 _aeng
084 _qCRL
100 _aStanley Edlavitch
_91218046
245 0 _aPharmacoepidemiology
260 _bTaylor and Francis
260 _c1989
365 _a
365 _b640
856 _uhttp://www.taylorfrancis.com/books/9780203743669
942 _cEBOOK
999 _c1824240
_d1824240